000 00824cam a2200241 a 4500
001 12275550
005 20180307033356.0
008 010110s2000 ctua 000 0 eng
010 _a 2001265926
020 _a0872597873
040 _aDLC
_cDLC
_dDLC
041 _aeng
043 _an-us---
080 _a621.38416076 WOL
082 0 0 _a621.38416076 WOL
_221
100 1 _a27
101 _aMEK
245 1 4 _aThe ARRL's tech Q&A :
_cby Larry D. Wolfgang and Joel P. Kleinman.
246 3 0 _aYour guick & easy path to a technician ham license
906 _a7
_bcbc
_corigcop
_d2
_encip
_f20
_gy-gencatlg
942 _2ddc
_cBK
999 _c44250
_d44250